| 000 | 01366 a2200265 4500 | ||
|---|---|---|---|
| 999 |
_c11933 _d11933 |
||
| 005 | 20230523144603.0 | ||
| 008 | 080827t xxu||||| |||| 00| 0 hin d | ||
| 010 | _aHIN-83230 B-305423-437 HIN-125197 | ||
| 020 |
_a9788183611510 _c350.00 |
||
| 035 | _aHN-55576 HN-97543 | ||
| 037 | _bपु.प्र.अ.प्र/प्रका | ||
| 082 | _aउ | ||
| 100 | _aमहाश्वेता देवी | ||
| 245 |
_aजंगल के दावेदार / _cमहाश्वेता देवी ; जगत शंखधर द्वारा अनुदित |
||
| 246 |
_aJangal ke Davedar _bby Mahashweta Devi |
||
| 250 | _a2रा संस्क | ||
| 260 |
_aनई दिल्ली _bराधाकृष्ण प्रकाशन _c2008 |
||
| 270 |
_a7/31, अंसारी रोड, दरियागंज _bनई दिल्ली _e110002 |
||
| 300 |
_a284पृ _c22 सेमी (सजिल्द) |
||
| 650 | _aहिन्दी उपन्यास | ||
| 650 | _aHindi Novel | ||
| 700 | _aजगत शंखधर | ||
| 942 |
_cHN _adpl _2ddc _hउ _mमहाश्वे |
||